|
|
|
|
| LEADER |
01301nam a2200289 a 4500 |
| 001 |
GR-Patra15735 |
| 008 |
030725s2000 mau g b 000 0 eng d |
| 020 |
|
|
|a 0070122962
|
| 040 |
|
|
|a GrPaTEI
|b gre
|c GR-PaULI
|
| 040 |
|
|
|a GrPaTEI
|b gre
|c GR-PaULI
|
| 082 |
|
0 |
|a 658.404
|2 21
|
| 100 |
1 |
|
|a Smith, Karl A.
|
| 245 |
1 |
0 |
|a Project management and teamwork /
|c Karl A. Smith.
|
| 260 |
|
|
|a Boston :
|b McGraw Hill,
|c c2000
|
| 300 |
|
|
|a viii, 119σ.
|
| 490 |
1 |
|
|a McGraw Hill 's best-basic engineering series and tools
|
| 504 |
|
|
|a Περιλαμβάνει βιβλιογραφικές παραπομπές
|
| 650 |
|
0 |
|a Engineering management
|
| 650 |
|
0 |
|a Project management
|
| 650 |
|
0 |
|a Teams in the workplace
|
| 710 |
0 |
|
|a McGraw-Hill
|
| 830 |
|
0 |
|1 00114453
|1 2001
|a McGraw-Hill's BEST--basic engineering series and tools
|
| 942 |
|
|
|2 ddc
|
| 952 |
|
|
|0 0
|1 0
|2 ddc
|4 0
|6 658_404000000000000_SMI
|7 0
|9 295068
|a LISK
|b LISK
|c BSC
|d 2021-01-17
|e 24
|f 0
|g 0.00
|l 0
|o 658.404 SMI
|p 92410016602
|r 2021-01-17 00:00:00
|t 1
|w 2021-01-17
|y BK15
|x 20030930 0 1
|x GrPaTEI
|
| 952 |
|
|
|0 0
|1 0
|2 ddc
|4 0
|6 658_404000000000000_SMI
|7 0
|9 295069
|a LISK
|b LISK
|c BSC
|d 2021-01-17
|e 24
|f 0
|g 0.00
|l 0
|o 658.404 SMI
|p 92410020974
|r 2021-01-17 00:00:00
|t 1
|w 2021-01-17
|y BK15
|x 20030725 0 1
|x GrPaTEI
|
| 971 |
|
|
|a .b26632500
|b 15-04-20
|c 23-09-16
|
| 999 |
|
|
|c 172150
|d 172150
|